000 00366 a2200157 4500
999 _c317469
_d317469
001 82396
003 NUST
005 20180119192639.0
008 180119b xxu||||| |||| 00| 0 eng d
020 _a9780199061532
082 _a891.4397/BUK
100 _aPitrus
_99135
245 _aPitrus Ke Mazaamin
_hUrdu
250 _a1st
260 _aKarachi
_bOxford University Press
_c2011
300 _a119
500 _aGeneral Books
942 _aCAE NUST
_cBK
_k891.4397/BUK
_2ddc